[Event "Hastings Chess Congress"]
[Site "Hastings ENG"]
[Date "2005.12.29"]
[EventDate "2005.12.28"]
[Round "2"]
[Result "0-1"]
[White "Alexander Khantuev"]
[Black "Jean-Pierre Le Roux"]
[WhiteElo "2302"]
[BlackElo "2497"]
[PlyCount "80"]

1. e4 g6 2. d4 d6 3. Nc3 c6 4. Bg5 Nd7 5. f4 Qb6 6. Qd2 Qxb2
7. Rb1 Qa3 8. Nf3 Bg7 9. Bd3 e5 10. Rb3 Qa5 11. fxe5 dxe5
12. O-O Qc7 13. Bc4 Ngf6 14. Bxf7+ Kxf7 15. Nxe5+ Kg8 16. Nxd7
Nxd7 17. e5 h6 18. Qf4 Nf8 19. Bf6 Bf5 20. Ne4 Ne6 21. Qe3 Rf8
22. Nd6 Bxf6 23. Rxb7 Qxd6 24. Rxf5 Bxe5 25. Rxe5 Nxd4 26. Re8
Nf5 27. Rxf8+ Kxf8 28. Qxa7 Qd1+ 29. Kf2 Qxc2+ 30. Ke1 Qe4+
31. Kd2 Qxg2+ 32. Kc1 Qf1+ 33. Kb2 Qe2+ 34. Ka3 Qd3+ 35. Kb4
Qe4+ 36. Ka5 Ne7 37. a4 Kf7 38. Qf2+ Ke6 39. Qc5 Ra8+ 40. Kb6
Nd5+ 0-1

[Event "Hastings Chess Congress"]
[Site "Hastings ENG"]
[Date "2005.12.29"]
[EventDate "2005.12.28"]
[Round "2"]
[Result "1/2-1/2"]
[White "Snorri Bergsson"]
[Black "Bogdan Lalic"]
[WhiteElo "2266"]
[BlackElo "2490"]
[PlyCount "20"]

1. d4 Nf6 2. Nf3 e6 3. c4 Bb4+ 4. Bd2 c5 5. e3 O-O 6. Bd3 d6
7. O-O Bxd2 8. Nbxd2 Qe7 9. Qc2 h6 10. dxc5 dxc5 1/2-1/2

[Event "Hastings Chess Congress"]
[Site "Hastings ENG"]
[Date "2005.12.29"]
[EventDate "2005.12.28"]
[Round "2"]
[Result "1-0"]
[White "Stefan Kristjansson"]
[Black "Dimitar Karapchanski"]
[WhiteElo "2467"]
[BlackElo "2270"]
[PlyCount "61"]

1. e4 c5 2. c3 e6 3. d4 cxd4 4. cxd4 d5 5. e5 Qb6 6. Nc3 Nc6
7. Nf3 Bd7 8. Be2 Nh6 9. O-O Nf5 10. Na4 Qa5 11. Bd2 Qd8
12. Bc3 b5 13. Nc5 Bxc5 14. dxc5 b4 15. Bd2 Qb8 16. Bd3 Nfe7
17. Re1 h6 18. h4 a5 19. Qe2 a4 20. Qe3 O-O 21. a3 b3 22. Bc3
Na7 23. Rad1 Bb5 24. Bb1 Qc7 25. Rc1 Nec6 26. Nh2 Qe7 27. g3
Rad8 28. Ng4 d4 29. Qe4 d3 30. Nf6+ gxf6 31. exf6 1-0

[Event "Hastings Chess Congress"]
[Site "Hastings ENG"]
[Date "2005.12.29"]
[EventDate "2005.12.28"]
[Round "2"]
[Result "1-0"]
[White "Simon Kim Williams"]
[Black "Helgi Dam Ziska"]
[WhiteElo "2452"]
[BlackElo "2251"]
[PlyCount "125"]

1. d4 Nf6 2. c4 g6 3. Nc3 Bg7 4. e4 d6 5. Be2 O-O 6. Be3 e5
7. d5 Na6 8. Qd2 Nc5 9. f3 a5 10. g4 Nfd7 11. Nh3 f5 12. gxf5
gxf5 13. exf5 Nf6 14. Nf2 Bxf5 15. Rg1 Kh8 16. O-O-O b6
17. Nd3 Qe8 18. Rg5 Bxd3 19. Bxd3 Nxd3+ 20. Qxd3 Bh6 21. Rxe5
dxe5 22. Bxh6 Rg8 23. Nb5 Qg6 24. Qxg6 Rxg6 25. Bd2 Ne8
26. Bc3 c6 27. Bxe5+ Kg8 28. Nc3 cxd5 29. cxd5 Nd6 30. Ne4
Nxe4 31. fxe4 Re8 32. Bc7 Rc8 33. d6 Rxc7+ 34. dxc7 Rc6+
35. Kd2 Rxc7 36. Rf1 Kg7 37. Kd3 Rd7+ 38. Ke3 Rc7 39. e5 Rc2
40. Rf2 Rc1 41. Kd4 Rd1+ 42. Ke4 Ra1 43. a3 b5 44. e6 b4
45. axb4 axb4 46. Kd5 Ra5+ 47. Kd4 Ra6 48. Kd5 Ra5+ 49. Kc4
Re5 50. Kxb4 Rxe6 51. b3 Re1 52. Rb2 Kf6 53. Kc5 Ke5 54. b4
Rc1+ 55. Kb6 Kd4 56. b5 Rg1 57. Ka7 Kc5 58. b6 Ra1+ 59. Kb8
Kc6 60. b7 Rg1 61. Ra2 Rg7 62. Ka8 Rxb7 63. Rc2+ 1-0

[Event "Hastings Chess Congress"]
[Site "Hastings ENG"]
[Date "2005.12.29"]
[EventDate "2005.12.28"]
[Round "2"]
[Result "1/2-1/2"]
[White "Nicholas Tavoularis"]
[Black "Richard G Pert"]
[WhiteElo "2211"]
[BlackElo "2429"]
[PlyCount "42"]

1. e4 c5 2. c3 d5 3. exd5 Qxd5 4. d4 Nf6 5. Nf3 Bg4 6. Be2 e6
7. c4 Qd8 8. Nc3 cxd4 9. Nxd4 Bxe2 10. Qa4+ Nbd7 11. Ndxe2 Bc5
12. O-O O-O 13. Qc2 h6 14. b3 Qc7 15. Ne4 Nxe4 16. Qxe4 Nf6
17. Qf3 Bd6 18. Bf4 Bxf4 19. Nxf4 Rfd8 20. Rad1 a6 21. Nh5
Nxh5 1/2-1/2

[Event "Hastings Chess Congress"]
[Site "Hastings ENG"]
[Date "2005.12.29"]
[EventDate "2005.12.28"]
[Round "2"]
[Result "1-0"]
[White "Wolfram Schoen"]
[Black "Merab Gagunashvili"]
[WhiteElo "2415"]
[BlackElo "2542"]
[PlyCount "65"]

1. e4 c5 2. Nf3 e6 3. c3 d5 4. d3 Nc6 5. Nbd2 Nge7 6. Be2 g6
7. O-O Bg7 8. exd5 Nxd5 9. Ne4 b6 10. d4 O-O 11. dxc5 f5
12. Nd6 bxc5 13. Nxc8 Rxc8 14. Re1 Kh8 15. Ng5 Nc7 16. Qa4 Qe8
17. Bf4 h6 18. Bb5 hxg5 19. Bxc6 Qe7 20. Be5 Bxe5 21. Rxe5 Qd6
22. Rae1 Rb8 23. h4 g4 24. Qf4 Kg7 25. Ba4 Rxb2 26. Bb3 Qd2
27. R5e3 Qd8 28. Qe5+ Kh6 29. Rd1 Qxh4 30. g3 Qe7 31. Kg2 Rd8
32. Red3 Rxd3 33. Qh8+ 1-0

[Event "Hastings Chess Congress"]
[Site "Hastings ENG"]
[Date "2005.12.29"]
[EventDate "2005.12.28"]
[Round "2"]
[Result "1/2-1/2"]
[White "Yuri Kuzubov"]
[Black "Adrien Capitaine"]
[WhiteElo "2541"]
[BlackElo "2186"]
[PlyCount "77"]

1. d4 f5 2. Nc3 Nf6 3. Bg5 Nc6 4. Bxf6 exf6 5. e3 d5 6. Bd3
Be6 7. Qf3 Qd7 8. a3 O-O-O 9. Nge2 g5 10. h3 h5 11. O-O-O Bd6
12. Nb5 Be7 13. Ng3 g4 14. hxg4 fxg4 15. Qf4 a6 16. Nc3 Bd6
17. Qxf6 Rdf8 18. Qh4 Be7 19. Qh2 h4 20. Nge2 Rxf2 21. Nf4 g3
22. Qg1 Bg5 23. Nce2 Rf8 24. Rf1 Rxf1+ 25. Qxf1 Bg4 26. Qe1
Bxe2 27. Qxe2 Bxf4 28. exf4 Rxf4 29. Qh5 Qf7 30. Qh8+ Kd7
31. Rxh4 Rxh4 32. Qxh4 Qf2 33. Qg4+ Ke7 34. c3 Qg1+ 35. Kc2
Qxg2+ 36. Kb1 Qf2 37. Qg7+ Kd6 38. Qg6+ Kd7 39. Qg7+ 1/2-1/2

[Event "Hastings Chess Congress"]
[Site "Hastings ENG"]
[Date "2005.12.29"]
[EventDate "2005.12.28"]
[Round "2"]
[Result "1-0"]
[White "Andrew Greet"]
[Black "John N Sugden"]
[WhiteElo "2428"]
[BlackElo "2160"]
[PlyCount "83"]

1. d4 Nf6 2. Nf3 c5 3. d5 b5 4. Bg5 d6 5. Bxf6 exf6 6. e4 a6
7. a4 b4 8. Bd3 a5 9. O-O Be7 10. Nfd2 O-O 11. Nc4 f5 12. exf5
Bb7 13. Qf3 Nd7 14. Nbd2 Bf6 15. Rae1 Ne5 16. Nxe5 Bxe5
17. Nc4 Bd4 18. b3 Ba6 19. Ne3 Bxd3 20. cxd3 Bc3 21. Re2 Re8
22. Nc4 Rxe2 23. Qxe2 h6 24. g3 Kf8 25. Qe4 Qf6 26. Kg2 Kg8
27. Rc1 Qd8 28. Rc2 Bf6 29. Re2 Kf8 30. Qf4 Ra6 31. Nd2 Ra7
32. Qc4 Re7 33. Re4 Re5 34. Rxe5 Bxe5 35. Qa6 g5 36. fxg6 fxg6
37. Nc4 Qe7 38. Nxa5 Qg5 39. Qc8+ Kg7 40. Qd7+ Kf8 41. Nc4 Qf6
42. f4 1-0

[Event "Hastings Chess Congress"]
[Site "Hastings ENG"]
[Date "2005.12.29"]
[EventDate "2005.12.28"]
[Round "2"]
[Result "0-1"]
[White "Michael Scoriels"]
[Black "Erik Zude"]
[WhiteElo "2156"]
[BlackElo "2426"]
[PlyCount "64"]

1. e4 c5 2. Nf3 d6 3. d4 cxd4 4. Nxd4 Nf6 5. Nc3 a6 6. Be2 e5
7. Nb3 Be7 8. O-O O-O 9. Be3 Be6 10. Nd5 Nbd7 11. f4 Rc8
12. Nxe7+ Qxe7 13. Na5 exf4 14. Bxf4 Ne5 15. Bg5 Qc7 16. Bxf6
Qxa5 17. Be7 Rfe8 18. Qxd6 Ng6 19. Qb4 Qxb4 20. Bxb4 Rxc2
21. Rf2 Rxb2 22. a3 Rc8 23. Rd1 h6 24. Bf3 Rxf2 25. Kxf2 Ne5
26. h3 b6 27. Bd6 Rc2+ 28. Kg3 Nc4 29. e5 Ne3 30. Rd3 Nf1+
31. Kf4 g5+ 32. Ke4 Ng3+ 0-1

[Event "Hastings Chess Congress"]
[Site "Hastings ENG"]
[Date "2005.12.29"]
[EventDate "2005.12.28"]
[Round "2"]
[Result "1-0"]
[White "Watu Kobese"]
[Black "R Alan Barton"]
[WhiteElo "2400"]
[BlackElo "2154"]
[PlyCount "103"]

1. e4 g6 2. d4 Bg7 3. Nf3 d6 4. h3 Nd7 5. Nc3 a6 6. a4 b6
7. Be3 e6 8. Qd2 h6 9. Bc4 Ne7 10. Nh2 Bb7 11. Ng4 c5 12. Rd1
h5 13. Nh2 Nf6 14. dxc5 dxc5 15. Qe2 Qc7 16. Bg5 Nc6 17. Nf3
Nd4 18. Nxd4 cxd4 19. Rxd4 Qe5 20. Qd2 Nd5 21. Ne2 Bf6
22. Bxd5 Bxg5 23. f4 exd5 24. fxg5 dxe4 25. Qb4 Qc5 26. Rc4
Qxb4+ 27. Rxb4 e3 28. O-O Bc6 29. Nd4 Bd7 30. Re1 O-O 31. Rxe3
Rfe8 32. Rxe8+ Bxe8 33. Rxb6 Bxa4 34. c4 a5 35. b3 Rd8 36. Nf3
Rd1+ 37. Kf2 Rb1 38. Nd2 Rb2 39. Ke3 Bd7 40. Ne4 Kf8 41. Nf6
Be6 42. Kd4 a4 43. Rb8+ Ke7 44. Kc5 Bd7 45. Rb7 axb3 46. Rxd7+
Ke6 47. g4 Rh2 48. Rd3 hxg4 49. hxg4 Ke5 50. Nd5 Re2 51. Rxb3
Ke4 52. Nc3+ 1-0

[Event "Hastings Chess Congress"]
[Site "Hastings ENG"]
[Date "2005.12.29"]
[EventDate "2005.12.28"]
[Round "2"]
[Result "1/2-1/2"]
[White "Alan Grant Kerr"]
[Black "Stephen Gordon"]
[WhiteElo "2152"]
[BlackElo "2411"]
[PlyCount "119"]

1. e4 c5 2. Nf3 d6 3. d3 Nf6 4. g3 g6 5. Bg2 Bg7 6. O-O O-O
7. c3 Nc6 8. Re1 e5 9. a3 d5 10. Nbd2 h6 11. Qa4 Be6 12. exd5
Nxd5 13. Qb5 Qb6 14. a4 a6 15. Qxb6 Nxb6 16. a5 Nd7 17. Nc4
Rfd8 18. Nfd2 Rab8 19. Nd6 Nf8 20. N6c4 Bxc4 21. Nxc4 Rxd3
22. Bxc6 bxc6 23. Nxe5 Bxe5 24. Rxe5 Rd1+ 25. Kg2 Ne6 26. f4
c4 27. Kf2 Rb5 28. Re1 Rxe1 29. Kxe1 Nc5 30. Kd1 Nb3 31. Ra4
Rxa5 32. Rxa5 Nxa5 33. f5 Kg7 34. fxg6 fxg6 35. Ke2 Nb7
36. Be3 h5 37. Kf3 Kf6 38. h3 Nd6 39. g4 hxg4+ 40. hxg4 Ke6
41. Kf4 Kd5 42. Kg5 Ke4 43. Bc5 Nb7 44. Be7 Kf3 45. Kxg6 Kxg4
46. Kf6 Kf4 47. Ke6 Ke4 48. Bf8 Kd3 49. Kd7 Kc2 50. Kxc6 Nd8+
51. Kb6 Kxb2 52. Be7 Ne6 53. Bf6 Kb3 54. Kxa6 Nc7+ 55. Ka5 Nd5
56. Bg7 Kc2 57. Kb5 Kd3 58. Kc5 Nxc3 59. Bh8 Ne2 60. Kd5
1/2-1/2

[Event "Hastings Chess Congress"]
[Site "Hastings ENG"]
[Date "2005.12.29"]
[EventDate "2005.12.28"]
[Round "2"]
[Result "1-0"]
[White "Adam G Ashton"]
[Black "Jessie Gilbert"]
[WhiteElo "2331"]
[BlackElo "2148"]
[PlyCount "67"]

1. e4 g6 2. d4 Bg7 3. Nc3 d6 4. Nf3 a6 5. Be3 b5 6. Bd3 Bb7
7. a4 b4 8. Ne2 Nf6 9. Ng3 Nbd7 10. O-O O-O 11. Qd2 c5 12. Bh6
Qa5 13. Bxg7 Kxg7 14. Qg5 Kh8 15. e5 dxe5 16. dxe5 Bxf3
17. exf6 exf6 18. Qh6 Bc6 19. Rfe1 c4 20. Bxc4 Ne5 21. Bb3 Ng4
22. Qf4 Qg5 23. Qxg5 fxg5 24. Ne4 f6 25. h3 Nh6 26. Rad1 Rae8
27. Nc5 a5 28. Ne6 Rg8 29. Rd6 Bb7 30. Red1 Re7 31. Nc5 Rf8
32. Rd8 Rxd8 33. Rxd8+ Kg7 34. Ne6+ 1-0

[Event "Hastings Chess Congress"]
[Site "Hastings ENG"]
[Date "2005.12.29"]
[EventDate "2005.12.28"]
[Round "2"]
[Result "0-1"]
[White "Baptiste Le Bailly"]
[Black "Willy Hendriks"]
[WhiteElo "2106"]
[BlackElo "2402"]
[PlyCount "42"]

1. e4 d6 2. Nc3 g6 3. d4 Nf6 4. Nf3 Bg7 5. h3 O-O 6. Be3 a6
7. a4 b6 8. Bd3 Bb7 9. O-O Nbd7 10. Nd2 c5 11. Ne2 cxd4
12. Bxd4 e5 13. Bc3 Nc5 14. Ng3 Ne6 15. Re1 Qc7 16. Nf3 Nd7
17. Qe2 Ndc5 18. Bc4 Nf4 19. Qf1 Kh8 20. Bb4 f5 21. exf5 gxf5
0-1

[Event "Hastings Chess Congress"]
[Site "Hastings ENG"]
[Date "2005.12.29"]
[EventDate "2005.12.28"]
[Round "2"]
[Result "1-0"]
[White "Jan Rode Pedersen"]
[Black "G Pafura"]
[WhiteElo "2238"]
[BlackElo "2105"]
[PlyCount "95"]

1. e4 c6 2. d4 d5 3. Nc3 dxe4 4. Nxe4 Bf5 5. Ng3 Bg6 6. h4 h6
7. h5 Bh7 8. Nf3 Nd7 9. Bd3 Bxd3 10. Qxd3 e6 11. Bd2 Ngf6
12. O-O-O Qc7 13. Kb1 b5 14. Rhe1 Bd6 15. Nf5 O-O 16. Nxh6+
gxh6 17. Bxh6 Rfe8 18. Qe3 Kh8 19. Ng5 Nb6 20. Qf3 Nbd5
21. Ne4 Nxe4 22. Rxe4 f5 23. Rh4 Qe7 24. Rhh1 Rg8 25. g3 Rg4
26. Rhe1 Qf6 27. Bc1 Re8 28. Qd3 a5 29. c3 a4 30. Re2 a3
31. b3 b4 32. cxb4 Bxb4 33. Rc2 Bd6 34. Qc4 Rd8 35. Re2 Bb4
36. Rd3 c5 37. f4 cxd4 38. Re5 Bf8 39. Qxd4 Bg7 40. Qc4 Qxe5
41. fxe5 Rxc4 42. bxc4 Rb8+ 43. Rb3 Rxb3+ 44. axb3 Nc3+
45. Kc2 a2 46. Bb2 Ne4 47. c5 Nxg3 48. c6 1-0

[Event "Hastings Chess Congress"]
[Site "Hastings ENG"]
[Date "2005.12.29"]
[EventDate "2005.12.28"]
[Round "2"]
[Result "0-1"]
[White "Alexandra Wilson"]
[Black "Dagur Arngrimsson"]
[WhiteElo "2101"]
[BlackElo "2289"]
[PlyCount "80"]

1. e4 e5 2. Nf3 Nc6 3. Bb5 a6 4. Bxc6 dxc6 5. O-O Qd6 6. Na3
Be6 7. b3 Ne7 8. Bb2 Ng6 9. d4 exd4 10. Qxd4 Bg4 11. Nc4 Qxd4
12. Nxd4 O-O-O 13. Ne3 Bd7 14. Rad1 f6 15. Ndf5 Rg8 16. a3 Bc5
17. b4 Ba7 18. c4 Rde8 19. Bd4 c5 20. bxc5 Ba4 21. Rd2 Rxe4
22. Nd5 Bb3 23. c6 Bxd4 24. cxb7+ Kb8 25. Nxd4 Bxc4 26. Nc6+
Kxb7 27. Na5+ Kc8 28. f3 Bxf1 29. fxe4 Bb5 30. Rc2 Kd7
31. Rxc7+ Kd6 32. Nc4+ Bxc4 33. Rxc4 Rb8 34. Kf2 Rb2+ 35. Ke3
Rxg2 36. Nb4 a5 37. Nd3 Rxh2 38. Kd4 Rd2 39. Rc3 Ne5 40. Ke3
Rxd3+ 0-1

[Event "Hastings Chess Congress"]
[Site "Hastings ENG"]
[Date "2005.12.29"]
[EventDate "2005.12.28"]
[Round "2"]
[Result "1/2-1/2"]
[White "Gunnar Johnsen"]
[Black "Thomas T W Pym"]
[WhiteElo "2231"]
[BlackElo "2100"]
[PlyCount "78"]

1. d4 g6 2. e4 Bg7 3. c4 d6 4. Nc3 e5 5. dxe5 dxe5 6. Qxd8+
Kxd8 7. f4 Nc6 8. Nf3 f6 9. fxe5 fxe5 10. Bg5+ Nge7 11. O-O-O+
Bd7 12. Nd5 Rf8 13. Nh4 Rc8 14. b4 Rf7 15. b5 Nd4 16. Nxe7
Rxe7 17. Nf3 Ne6 18. Bxe7+ Kxe7 19. Kb1 c6 20. g3 Nc5
21. Rxd7+ Nxd7 22. Bh3 Rf8 23. bxc6 bxc6 24. Bxd7 Kxd7
25. Rd1+ Ke7 26. Rd3 h6 27. Rb3 Rd8 28. Rb7+ Rd7 29. Rxd7+
Kxd7 30. Nh4 Kd6 31. Kc2 Kc5 32. Kc3 g5 33. Nf5 Bf8 34. g4 a5
35. a4 Kb6 36. Kd3 Kc5 37. Kc3 Kb6 38. Ne3 Bc5 39. Nf5 Bf8
1/2-1/2

[Event "Hastings Chess Congress"]
[Site "Hastings ENG"]
[Date "2005.12.29"]
[EventDate "2005.12.28"]
[Round "2"]
[Result "1-0"]
[White "Tore Kolas"]
[Black "Colin A McNab"]
[WhiteElo "2160"]
[BlackElo "2456"]
[PlyCount "147"]

1. e4 c5 2. Nf3 e6 3. d4 cxd4 4. Nxd4 a6 5. Nc3 b5 6. Bd3 Qb6
7. Nf3 Nc6 8. O-O Qb8 9. Re1 Bd6 10. Qe2 Ne5 11. Nxe5 Bxe5
12. a4 b4 13. Nd5 Nf6 14. f4 Bd4+ 15. Kh1 exd5 16. exd5+ Kd8
17. Qe7+ Kc7 18. f5 Qb6 19. Bf4+ Kb7 20. a5 Qc5 21. Bd6 Qxd5
22. Re5 Qc6 23. Be4 Nxe4 24. Rxe4 Ra7 25. Rxd4 Ka8 26. Qe4 Rb7
27. Qxc6 dxc6 28. Bxb4 Bxf5 29. c3 Rb5 30. Rd2 Be6 31. Bd6 Bb3
32. Bc7 Re8 33. Kg1 Kb7 34. Bb6 Rd5 35. Rxd5 cxd5 36. Kf2 Re6
37. Re1 Rf6+ 38. Ke3 Kc6 39. Re2 Rf1 40. Rf2 Rb1 41. g3 f6
42. Kf4 Re1 43. Rd2 Bd1 44. Rd4 Kd6 45. g4 Be2 46. Rd2 Bc4
47. Kg3 Re4 48. Kf3 Kc6 49. Bd4 Bb3 50. g5 fxg5 51. Bxg7 h5
52. Bh6 Rf4+ 53. Ke3 Rf5 54. Rd4 Re5+ 55. Kd2 Bc4 56. Kc2 Rf5
57. Rd2 Bf1 58. Bg7 Kb5 59. b4 Bc4 60. Bd4 Rf1 61. Rg2 g4
62. Rf2 Rh1 63. Kd2 h4 64. Ke3 Re1+ 65. Kf4 Re4+ 66. Kg5 h3
67. Kh4 Be2 68. Rf6 Rxd4 69. Rb6+ Kc4 70. cxd4 Kxd4 71. b5 Kc5
72. bxa6 d4 73. a7 Bf3 74. Rb8 1-0

[Event "Hastings Chess Congress"]
[Site "Hastings ENG"]
[Date "2005.12.29"]
[EventDate "2005.12.28"]
[Round "2"]
[Result "0-1"]
[White "Nigel P Donovan"]
[Black "Vladimir Prosviriakov"]
[WhiteElo "2136"]
[BlackElo "2387"]
[PlyCount "90"]

1. e4 e5 2. Bc4 Nf6 3. d3 Nc6 4. Nf3 Bc5 5. c3 d6 6. b4 Bb6
7. Nbd2 O-O 8. O-O Ne7 9. a4 a6 10. Bb3 c6 11. Nc4 Bc7 12. a5
Bg4 13. Ne3 Bh5 14. Re1 Kh8 15. Nf1 Ng6 16. Ng3 Bg4 17. h3 Be6
18. Ng5 Qd7 19. Nxe6 fxe6 20. Nh5 Nxh5 21. Qxh5 Nf4 22. Bxf4
Rxf4 23. g3 Rf6 24. d4 Raf8 25. Ra2 g6 26. Qg5 Qf7 27. Qd2 Qe7
28. dxe5 dxe5 29. Rf1 Bb8 30. Kg2 Ba7 31. f3 c5 32. Qe3 Rc8
33. c4 Rff8 34. Ba4 Rcd8 35. b5 Rd4 36. b6 Bb8 37. Rd2 Qf6
38. Bb3 Bd6 39. Rd3 Rd8 40. Rfd1 Bf8 41. h4 h5 42. Rxd4 cxd4
43. Qd2 Kh7 44. Kf2 Bh6 45. Qb4 Rf8 0-1

[Event "Hastings Chess Congress"]
[Site "Hastings ENG"]
[Date "2005.12.29"]
[EventDate "2005.12.28"]
[Round "2"]
[Result "0-1"]
[White "Richard Almond"]
[Black "Robert Eames"]
[WhiteElo "2096"]
[BlackElo "2320"]
[PlyCount "138"]

1. d4 Nf6 2. c4 e6 3. Nc3 Bb4 4. Qc2 O-O 5. a3 Bxc3+ 6. Qxc3
b6 7. Bg5 Bb7 8. f3 d6 9. e3 Nbd7 10. Bd3 h6 11. Bxf6 Qxf6
12. Nh3 c5 13. O-O Rac8 14. Rac1 cxd4 15. Qxd4 e5 16. Qg4 Nc5
17. Qf5 Qxf5 18. Bxf5 Rc7 19. Rfd1 Rd8 20. Bc2 Kf8 21. Nf2 Ke7
22. b4 Ne6 23. Bb3 Rdc8 24. Rc2 d5 25. Rdc1 d4 26. e4 Nf4
27. Rd2 Ba6 28. g3 Ne6 29. Rdc2 d3 30. Nxd3 Nd4 31. Rb2 f6
32. Kf2 Bxc4 33. Bxc4 Rxc4 34. Rxc4 Rxc4 35. a4 Rc3 36. Ke3
Nxf3 37. Kxf3 Rxd3+ 38. Kg4 Re3 39. Rc2 Rxe4+ 40. Kf5 Rd4
41. Kg6 Rg4+ 42. Kf5 Rg5+ 43. Ke4 Kd6 44. Rd2+ Ke6 45. Kf3
Rf5+ 46. Ke2 e4 47. Rd8 Rd5 48. Re8+ Kf7 49. Rc8 Rd7 50. a5
Ke6 51. Rb8 bxa5 52. bxa5 Rd5 53. a6 Ra5 54. Rb7 Rxa6 55. Rxg7
Ra3 56. Rh7 a5 57. Rxh6 a4 58. Rh5 f5 59. Rh6+ Kd5 60. Ra6 Kd4
61. Rd6+ Kc5 62. Ra6 Kb5 63. Re6 Rf3 64. Re8 a3 65. Rb8+ Kc4
66. Rc8+ Kb3 67. Rb8+ Kc2 68. Ra8 Kb2 69. Rb8+ Rb3 0-1

[Event "Hastings Chess Congress"]
[Site "Hastings ENG"]
[Date "2005.12.29"]
[EventDate "2005.12.28"]
[Round "2"]
[Result "0-1"]
[White "Michael F G Duggan"]
[Black "Dag Madsen"]
[WhiteElo "2082"]
[BlackElo "2301"]
[PlyCount "76"]

1. e4 Nf6 2. e5 Nd5 3. d4 d6 4. Nf3 dxe5 5. Nxe5 c6 6. c4 Nb4
7. Be3 Bf5 8. Na3 Nd7 9. g4 Be4 10. f3 Bg6 11. Nxg6 hxg6
12. Qb3 e6 13. O-O-O a5 14. Kb1 Be7 15. h3 Qc7 16. f4 Bd6
17. d5 exd5 18. cxd5 O-O 19. f5 gxf5 20. gxf5 a4 21. Qc4 Nxd5
22. Bh6 gxh6 23. Rg1+ Kh8 24. Nb5 cxb5 25. Qxd5 Bc5 26. Qd2
Ra6 27. Rg6 fxg6 28. Qxh6+ Kg8 29. Bxb5 Ne5 30. Rd7 Qxd7
31. Bxd7 Nxd7 32. fxg6 Rf1+ 33. Kc2 Nf8 34. Qg5 Rxg6 35. Qd5+
Ne6 36. Qxb7 Bf8 37. Qb8 Rf3 38. Qh2 Rfg3 0-1

[Event "Hastings Chess Congress"]
[Site "Hastings ENG"]
[Date "2005.12.29"]
[EventDate "2005.12.28"]
[Round "2"]
[Result "1-0"]
[White "Gurpreet Pal Singh"]
[Black "Odin Blikra Vea"]
[WhiteElo "2286"]
[BlackElo "2090"]
[PlyCount "53"]

1. e4 c5 2. Nc3 Nc6 3. Nge2 Nf6 4. g3 d5 5. exd5 Nd4 6. Bg2
Bg4 7. h3 Bf3 8. Bxf3 Nxf3+ 9. Kf1 Nd4 10. Nf4 g5 11. Nfe2
Nxd5 12. Ne4 Nf5 13. d3 Qc7 14. Bxg5 Rg8 15. Qd2 O-O-O 16. g4
f6 17. gxf5 fxg5 18. Nxg5 Bh6 19. h4 Rdf8 20. Ng3 e6 21. Qe1
Nf4 22. Nxe6 Qc6 23. Nxf4 Rxg3 24. Qe6+ Qxe6 25. Nxe6 Rxf5
26. Nxc5 Rg4 27. Ne4 1-0

[Event "Hastings Chess Congress"]
[Site "Hastings ENG"]
[Date "2005.12.29"]
[EventDate "2005.12.28"]
[Round "2"]
[Result "0-1"]
[White "Donny Muter"]
[Black "Li Wu"]
[WhiteElo "2085"]
[BlackElo "2287"]
[PlyCount "80"]

1. d4 Nf6 2. c4 g6 3. Nc3 Bg7 4. e4 d6 5. Be2 O-O 6. Bg5 Na6
7. f4 c6 8. Nf3 Nc7 9. Qd2 d5 10. e5 Ne4 11. Qe3 f5 12. O-O b6
13. a4 Ba6 14. Nxe4 dxe4 15. Ne1 Ne6 16. Rd1 Nxg5 17. fxg5 Qc7
18. c5 Bxe2 19. Qxe2 e6 20. Qc4 Qd7 21. Nc2 h6 22. gxh6 Bxh6
23. b4 Qd5 24. Qc3 Rfd8 25. Ne3 Bxe3+ 26. Qxe3 Kg7 27. Qg5 Rf8
28. b5 cxb5 29. axb5 bxc5 30. Qe7+ Rf7 31. Qxc5 Rd7 32. Qc1
Qxb5 33. Qg5 Rf8 34. h4 Qe2 35. d5 Qh5 36. Qc1 Rfd8 37. Qc6
Qxh4 38. Qxe6 Qe7 39. Qxe7+ Rxe7 40. e6 Kf6 0-1

[Event "Hastings Chess Congress"]
[Site "Hastings ENG"]
[Date "2005.12.29"]
[EventDate "2005.12.28"]
[Round "2"]
[Result "1-0"]
[White "David Ledger"]
[Black "Adrian O Pickersgill"]
[WhiteElo "2278"]
[BlackElo "2085"]
[PlyCount "79"]

1. e4 d5 2. exd5 Qxd5 3. Nc3 Qa5 4. Bc4 c6 5. d3 Nf6 6. h3 Bf5
7. Nf3 e6 8. O-O Nbd7 9. Re1 Bd6 10. Bd2 Qc7 11. Nd4 O-O
12. Nxf5 exf5 13. Qf3 g6 14. d4 Rfe8 15. g4 fxg4 16. hxg4 Nb6
17. Bb3 Kg7 18. Kg2 Qd7 19. g5 Nh5 20. Ne4 Nd5 21. Rh1 Bf4
22. Nf6 Qf5 23. Rxh5 gxh5 24. Nxh5+ Kh8 25. Bxf4 Nxf4+
26. Qxf4 Qxf4 27. Nxf4 Re4 28. Kf3 Rxd4 29. Re1 Rd7 30. Re5
Kg7 31. c3 Rh8 32. Nh5+ Kf8 33. Rf5 Re7 34. Rf6 Rg8 35. Rf5
Rg6 36. Ra5 a6 37. Bc2 Rd6 38. Bxh7 f6 39. g6 Rdd7 40. Rf5 1-0

[Event "Hastings Chess Congress"]
[Site "Hastings ENG"]
[Date "2005.12.29"]
[EventDate "2005.12.28"]
[Round "2"]
[Result "1/2-1/2"]
[White "Ian Snape"]
[Black "Peter S Poobalasingam"]
[WhiteElo "2258"]
[BlackElo "2060"]
[PlyCount "35"]

1. c4 e6 2. g3 d5 3. Bg2 Nf6 4. Nf3 Nbd7 5. Qc2 Be7 6. O-O O-O
7. d4 b6 8. Nbd2 Bb7 9. b3 Rc8 10. Bb2 dxc4 11. Nxc4 c5
12. dxc5 Bxc5 13. Qd2 Qc7 14. Rad1 Rcd8 15. Qg5 h6 16. Qf4 Nd5
17. Qc1 Rc8 18. Qb1 1/2-1/2

[Event "Hastings Chess Congress"]
[Site "Hastings ENG"]
[Date "2005.12.29"]
[EventDate "2005.12.28"]
[Round "2"]
[Result "1-0"]
[White "Gudmundur Kjartansson"]
[Black "John Rety"]
[WhiteElo "2257"]
[BlackElo "1992"]
[PlyCount "55"]

1. e4 d6 2. d4 Nf6 3. Nc3 c6 4. Nf3 Qc7 5. Bd3 e5 6. h3 Be7
7. Be3 Nbd7 8. O-O Nf8 9. Ne2 Ne6 10. c3 Bd7 11. a4 a5 12. Qd2
O-O 13. Ng3 g6 14. Ne2 Nh5 15. Nh2 Nf6 16. f4 Rad8 17. f5 Ng7
18. g4 Nfe8 19. g5 f6 20. Ng4 Bc8 21. h4 Nh5 22. Qc2 Neg7
23. dxe5 dxe5 24. Qb3+ Kh8 25. Bb6 Qd6 26. Rad1 Rde8 27. Nh6
fxg5 28. Qg8+ 1-0

[Event "Hastings Chess Congress"]
[Site "Hastings ENG"]
[Date "2005.12.29"]
[EventDate "2005.12.28"]
[Round "2"]
[Result "0-1"]
[White "Andrew Tucker"]
[Black "Yves Duhayon"]
[WhiteElo "1940"]
[BlackElo "2233"]
[PlyCount "36"]

1. d4 d5 2. Bg5 h6 3. Bh4 c6 4. e3 Qb6 5. Qc1 e5 6. dxe5 Qb4+
7. c3 Qxh4 8. Nf3 Qe7 9. Nbd2 Nd7 10. Bd3 Nxe5 11. Nxe5 Qxe5
12. Nf3 Qc7 13. O-O Bd6 14. Re1 Nf6 15. h3 O-O 16. Qc2 Re8
17. Nd2 Bd7 18. Rad1 Rad8 0-1

[Event "Hastings Chess Congress"]
[Site "Hastings ENG"]
[Date "2005.12.29"]
[EventDate "2005.12.28"]
[Round "2"]
[Result "1-0"]
[White "Matthew N Anderton"]
[Black "Andrias Ziska"]
[WhiteElo "2205"]
[BlackElo "1819"]
[PlyCount "54"]

1. e4 c5 2. c3 e6 3. d4 d5 4. exd5 exd5 5. Be3 cxd4 6. Bxd4
Nf6 7. Bb5+ Nc6 8. Qe2+ Be7 9. Bxf6 gxf6 10. Nf3 O-O 11. O-O
Bg4 12. Qe3 Ne5 13. Nxe5 fxe5 14. Qxe5 Bd6 15. Qd4 Qg5 16. Re1
a6 17. Bf1 Rac8 18. Nd2 Rfd8 19. Nb3 h5 20. Qd3 Bf5 21. Qe3
Bf4 22. Qe7 Qg6 23. Nd4 Rd7 24. Nxf5 Qxf5 25. Qh4 Rc6 26. Rad1
Rg6 27. Bd3 Qg4 1-0

[Event "Hastings Chess Congress"]
[Site "Hastings ENG"]
[Date "2005.12.29"]
[EventDate "2005.12.28"]
[Round "2"]
[Result "1-0"]
[White "Stewart Reuben"]
[Black "Claus Norregaard"]
[WhiteElo "2142"]
[BlackElo "2205"]
[PlyCount "79"]

1. c4 e5 2. g3 Nc6 3. Bg2 f5 4. Nc3 Nf6 5. d3 g6 6. e3 Bg7
7. Nge2 O-O 8. O-O d6 9. a3 a5 10. Rb1 Be6 11. Nd5 Rb8
12. Nec3 Ne7 13. b4 axb4 14. Nxf6+ Bxf6 15. Rxb4 c6 16. Bd2 d5
17. cxd5 cxd5 18. Qb3 Qd7 19. Rb6 Nc6 20. Bxd5 Bxd5 21. Nxd5
Kg7 22. Nxf6 Rxf6 23. Rb1 Rf7 24. Qb5 Ra8 25. Rxb7 Qxb7
26. Qxb7 Rxb7 27. Rxb7+ Kg8 28. Rc7 Nd8 29. Bb4 Nf7 30. d4 e4
31. h4 Rb8 32. f3 exf3 33. Kf2 Nh6 34. d5 Ng4+ 35. Kxf3 Re8
36. Bc5 Rb8 37. d6 Rb2 38. e4 Ne5+ 39. Kf4 Nd3+ 40. Kg5 1-0